Statistics for Croatia Country Quiz

Click here to take the quiz!

General Stats

  • This quiz has been taken 56 times
  • The average score is 18 of 22

Answer Stats

Question Answer % Correct
What is the capital of Croatia?Zagreb
100%
Which countries share land borders with Croatia?Bosnia and Herzegovina
98%
Which countries share land borders with Croatia?Serbia
98%
Which countries share land borders with Croatia?Montenegro
96%
Which countries share land borders with Croatia?Slovenia
96%
Which countries share land borders with Croatia?Hungary
96%
Which country did Croatia become part of in 1918 and was so until 1992?Yugoslavia
94%
On what major peninsula is Croatia situated?Balkans
90%
What sea does Croatia border?Adriatic Sea
88%
Which city has the second highest population after the capital?Split
88%
What sovereign state controlled Croatia from 1867 until 1918?Austria-Hungary
88%
Which country did Croatia meet in the 2018 FIFA finals?France
86%
What ethnic group includes Croats, Poles, Serbs and many more?Slavs
84%
Which coastal city is famous for its old town?Dubrovnik
84%
What is the dominant branch of Christianity in Croatia?Roman Catholic
80%
What is the Croatian word for "Croatia"?Hrvatska
78%
What is the most popular dog breed that is native to Croatia?Dalmatian
76%
Who is the captain of the Croatian national football team?Luka Modrić
72%
What are the largest Croatian islands by area?Krk
64%
What is the currency of Croatia?Kuna
60%
What are the largest Croatian islands by area?Brač
50%
What are the largest Croatian islands by area?Cres
44%

Score Distribution

Percentile by Number Answered

Percent of People with Each Score

Your Score History

You have not taken this quiz